Standard Perilaku Pegawai (S.P.P.) Kastam Diraja Malaysia. (Record no. 4487)
[ view plain ]
| 000 -LEADER | |
|---|---|
| fixed length control field | nam a22 a 4500 |
| 005 - DATE AND TIME OF LATEST TRANSACTION | |
| control field | 20170530143207.0 |
| 008 - FIXED-LENGTH DATA ELEMENTS--GENERAL INFORMATION | |
| fixed length control field | 170530s2004 my ||||| |||| 00| 0 may d |
| 040 ## - CATALOGING SOURCE | |
| Original cataloging agency | AKMAL |
| 245 10 - TITLE STATEMENT | |
| Title | Standard Perilaku Pegawai (S.P.P.) Kastam Diraja Malaysia. |
| 300 ## - PHYSICAL DESCRIPTION | |
| Extent | 57 mukasurat: |
| Other physical details | il. wrn.: |
| Dimensions | 25 cm |
| 650 10 - SUBJECT ADDED ENTRY--TOPICAL TERM | |
| Topical term or geographic name entry element | Civil service |
| Geographic subdivision | Malaysia |
| 9 (RLIN) | 420 |
| 650 10 - SUBJECT ADDED ENTRY--TOPICAL TERM | |
| Topical term or geographic name entry element | Civil service |
| General subdivision | Handbooks, manuals, etc. |
| Geographic subdivision | Malaysia |
| 9 (RLIN) | 8694 |
| 710 2# - ADDED ENTRY--CORPORATE NAME | |
| Corporate name or jurisdiction name as entry element | Jabatan Kastam Diraja Malaysia |
| 9 (RLIN) | 836 |
| 942 ## - ADDED ENTRY ELEMENTS (KOHA) | |
| Source of classification or shelving scheme | |
| Koha item type | Book |
| 950 ## - LOCAL HOLDINGS (RLIN) | |
| Permanent shelving location, LOC (RLIN) | AKMAL |
| Withdrawn status | Lost status | Source of classification or shelving scheme | Damaged status | Not for loan | Collection code | Home library | Current library | Shelving location | Date acquired | Inventory number | Total Checkouts | Total Renewals | Barcode | Date last seen | Date last checked out | Price effective from | Koha item type |
|---|---|---|---|---|---|---|---|---|---|---|---|---|---|---|---|---|---|
| NON-FICTION | AKMAL Melaka | AKMAL Melaka | PINJAMAN | 30.05.2017 | 001670 | 20 | 2 | 201706999 | 04.12.2019 | 27.08.2019 | 30.05.2017 | Book | |||||
| NON-FICTION | AKMAL Melaka | AKMAL Melaka | PINJAMAN | 30.05.2017 | 001671 | 1 | 201707000 | 07.04.2018 | 07.08.2017 | 30.05.2017 | Book | ||||||
| NON-FICTION | AKMAL Melaka | AKMAL Melaka | PINJAMAN | 30.05.2017 | 201707001 | 30.05.2017 | 30.05.2017 | Book | |||||||||
| NON-FICTION | AKMAL Melaka | AKMAL Melaka | PINJAMAN | 30.05.2017 | 201707002 | 30.05.2017 | 30.05.2017 | Book |
